000 00765nam a22002057a 4500
003 0
005 20160609165430.0
008 100218t xxu||||| |||| 00| 0 eng d
037 _aM15558
_bBIBLIO
040 _aUAC
_bF
_cEPAC
082 _a26.ABM/ABL
100 _aMathias, ABLETO & Jeanne d'Arc, L. ADOUKOUNOU
_93773
245 _aContribution à l'étude des propriétés anti-inflammatoires d'extrait de cissus quadangularis chez le rat wistar
260 _aEPAC
_bBIBLIO
_c2006-2007
300 _aI -88p
_c29cm
500 _aMem Ecole Polytechnique d'Abomey Calavi 2007
650 _aWISTAR - CISSUS QUADRANGULARIS - PROPRIETE
_93774
700 _aLordson, DOSSEVI; Joachim, GBENOU; Raphaël, DARBOUX; Adolphe, TOPANOU; Anatole, LALEYE
_93775
942 _cTHE
999 _c46991
_d46991